| 000 | 00360 a2200133 4500 | ||
|---|---|---|---|
| 020 | _a9789873304446 | ||
| 082 |
_a861.982 _bG512m |
||
| 100 |
_aGiovagnoli, Gustavo _9982 |
||
| 245 | _aMenem-Duhalde | ||
| 260 |
_aArgentina _bEdiciones VOX _c2011 |
||
| 300 |
_a20 p _bill (col) _c21 cm |
||
| 650 |
_aPoesia _xliteratura _zArgentina _9912 |
||
| 700 |
_aGustavo Giovagnoli _9983 |
||
| 999 |
_c212 _d212 |
||